| 000 -LEADER | |
|---|---|
| fixed length control field | 00487nam a22001817a 4500 |
| 005 - DATE AND TIME OF LATEST TRANSACTION | |
| control field | 20230117122345.0 |
| 008 - FIXED-LENGTH DATA ELEMENTS--GENERAL INFORMATION | |
| fixed length control field | 200317b xxu||||| |||| 00| 0 eng d |
| 020 ## - INTERNATIONAL STANDARD BOOK NUMBER | |
| ISBN | 9788123905136 |
| 041 ## - LANGUAGE CODE | |
| Language code of text/sound track or separate title | eng |
| 082 ## - DEWEY DECIMAL CLASSIFICATION NUMBER | |
| Classification number | 615.190 18 |
| 100 ## - MAIN ENTRY--AUTHOR NAME | |
| Personal name | BECKETT,A.H AND STENLAKE, J.B. |
| 245 ## - TITLE STATEMENT | |
| Title | PRACTICAL PHARMACEUTICAL CHEMISTRY- (vol -1) |
| 250 ## - EDITION STATEMENT | |
| Edition statement | 1st, 1997 |
| 260 ## - PUBLICATION, DISTRIBUTION, ETC. (IMPRINT) | |
| Place of publication | NEW DELHI |
| Name of publisher | CBS |
| Year of publication | 2005 |
| 300 ## - PHYSICAL DESCRIPTION | |
| Number of Pages | 326;VIIIp. |
| 650 ## - SUBJECT ADDED ENTRY--TOPICAL TERM | |
| Topical Term | PHARMACY |
| General subdivision | B.PHARMA & D.PHARMA |
| 942 ## - ADDED ENTRY ELEMENTS (KOHA) | |
| Koha item type | Books |
| Lost status | Damaged status | Collection code | Home library | Current library | Shelving location | Date acquired | Source of acquisition | Cost, normal purchase price | Full call number | Accession Number | Koha item type |
|---|---|---|---|---|---|---|---|---|---|---|---|
| PHARMACY | JRU Library | JRU Library | Shelf - 27- G | 17/03/2020 | PURCHESS | 550.00 | 615.190 18 | 23840 | Books | ||
| PHARMACY | JRU Library | JRU Library | Shelf - 27- G | 17/03/2021 | PURCHES | 650.00 | 615.190 18 | 25768 | Books | ||
| PHARMACY | JRU Library | JRU Library | Shelf - 27- G | 17/03/2021 | PURCHES | 650.00 | 615.190 18 | 25769 | Books | ||
| PHARMACY | JRU Library | JRU Library | Shelf - 27- G | 17/03/2021 | PURCHES | 650.00 | 615.190 18 | 25770 | Books | ||
| PHARMACY | JRU Library | JRU Library | Shelf - 27- G | 17/03/2021 | PURCHES | 650.00 | 615.190 18 | 25771 | Books | ||
| PHARMACY | JRU Library | JRU Library | Shelf - 27- G | 17/03/2021 | PURCHES | 650.00 | 615.190 18 | 25772 | Books | ||
| PHARMACY | JRU Library | JRU Library | Shelf - 27- G | 09/02/2022 | PURCHASE | 695.00 | 615.190 18 | 26011 | Books | ||
| PHARMACY | JRU Library | JRU Library | Shelf - 27- G | 09/02/2022 | PURCHASE | 695.00 | 615.190 18 | 26012 | Books | ||
| PHARMACY | JRU Library | JRU Library | Shelf - 27- G | 25/02/2022 | PURCHASE | 695.00 | 615.190 18 | 26655 | Books | ||
| PHARMACY | JRU Library | JRU Library | Shelf - 27- G | 25/02/2022 | PURCHASE | 695.00 | 615.190 18 | 26656 | Books |